000 00499nam a22002057a 4500
003 UA-OsUOA
001 7118
007 ta
008 20040121b un ||||| |||| 00| 0 ukr d
090 _a82
_bС91
942 _cBK
040 _aUA-OsUOA
_bukr
_cUA-OsUOA
_dUA-OsUOA
245 _aСучасність
_bЩомісячний часопис незалежної української думки
955 _a0
041 _aukr
080 _a82
260 _aК.
044 _aUA
650 7 _2UDC
999 _c293279
_d293279